[Event "Hanoi op (Women)"]
[Site "Hanoi"]
[Date "2022.08.24"]
[Round "5"]
[White "Tran, Le Dan Thuy"]
[Black "Huynh, Ngoc Thuy Linh"]
[Result "1-0"]
[WhiteElo "1992"]
[BlackElo "1776"]
[PlyCount "75"]
[EventDate "2022.08.20"]
[EventType "swiss"]
[EventRounds "9"]
[EventCountry "VIE"]
[SourceTitle "CBM 209 Extra"]
[Source "ChessBase"]
[SourceDate "2022.09.30"]
[SourceVersion "1"]
[SourceVersionDate "2022.09.30"]
[SourceQuality "1"]

1. e4 c5 2. Nf3 g6 3. d4 cxd4 4. Nxd4 Bg7 5. Nc3 Nc6 6. Be3 Nf6 7. Bc4 0-0 8. 0-0 Qa5 9. Bb3 d6 10. h3 Bd7 11. f4 Qh5 12. Nd5 Qxd1 13. Nxf6+ Bxf6 14. Raxd1 Na5 15. e5 dxe5 16. fxe5 Bxe5 17. Nf3 Bd6 18. Bh6 Rfd8 19. Bxf7+ Kxf7 20. Ng5+ Kg8 21. Rf7 Be6 22. Rg7+ Kh8 23. Rxh7+ Kg8 24. Rg7+ Kh8 25. Re1 Bf4 26. Rxg6 Bxg5 27. Rxg5 Bd5 28. Rxe7 Nc6 29. Rc7 Be6 30. Bg7+ Kg8 31. Bd4+ Kf8 32. Bc5+ Ke8 33. Rh5 Bd7 34. Rh8+ Kf7 35. Rxd7+ Rxd7 36. Rxa8 Rd1+ 37. Kh2 Rd2 38. Rf8+ 1-0

[Event "Titled Tuesday intern op 20th July"]
[Site "Chess.com INT"]
[Date "2021.07.20"]
[Round "1"]
[White "Huynh, Ngoc Thuy Linh"]
[Black "Grigoryan, Meri"]
[Result "1-0"]
[WhiteElo "1776"]
[BlackElo "2044"]
[PlyCount "47"]
[EventDate "2021.07.20"]
[EventType "swiss (blitz)"]
[EventRounds "11"]
[EventCountry "USA"]
[SourceTitle "CBM 203 Extra"]
[Source "ChessBase"]
[SourceDate "2021.09.30"]
[SourceVersion "1"]
[SourceVersionDate "2021.09.30"]
[SourceQuality "1"]

1. c4 Nf6 2. g3 c5 3. Bg2 Nc6 4. Nf3 e6 5. 0-0 d5 6. cxd5 exd5 7. d4 cxd4 8. Nxd4 Bc5 9. Nb3 Bb6 10. Nc3 d4 11. Na4 0-0 12. Nxb6 Qxb6 13. Bxc6 bxc6 14. Qxd4 c5 15. Qxc5 Qb7 16. f3 Bh3 17. Rd1 Rfe8 18. Qf2 Rac8 19. e4 Nxe4 20. fxe4 Qxe4 21. Bf4 Rc2 22. Rd2 Rec8 23. Re1 Qa4 24. Rxc2 1-0

[Event "Titled Tuesday intern op 13th July"]
[Site "Chess.com INT"]
[Date "2021.07.13"]
[Round "1"]
[White "Tqebuchava, Zurab"]
[Black "Huynh, Ngoc Thuy Linh"]
[Result "0-1"]
[WhiteElo "2303"]
[BlackElo "1776"]
[PlyCount "62"]
[EventDate "2021.07.13"]
[EventType "swiss (blitz)"]
[EventRounds "11"]
[EventCountry "USA"]
[SourceTitle "CBM 203 Extra"]
[Source "ChessBase"]
[SourceDate "2021.09.30"]
[SourceVersion "1"]
[SourceVersionDate "2021.09.30"]
[SourceQuality "1"]

1. e4 c5 2. Nf3 d6 3. Bb5+ Nd7 4. 0-0 Ngf6 5. Re1 e5 6. c3 Be7 7. d4 0-0 8. dxe5 dxe5 9. Bg5 Qc7 10. Na3 a6 11. Bf1 b5 12. Nc2 Bb7 13. Nd2 Rfd8 14. Qe2 Nb6 15. Bxf6 Bxf6 16. Rad1 Rd7 17. Nf3 Rad8 18. Rxd7 Qxd7 19. h3 c4 20. Nh2 g6 21. Ng4 Bg7 22. f3 h5 23. Nge3 Na4 24. Rd1 Qc8 25. Rxd8+ Qxd8 26. Nb4 Bf8 27. Nbd5 Bc5 28. Kh2 Nb6 29. Nxb6 Bxb6 30. Qd1 Qh4 31. Qe2 Qf4+ 0-1

[Event "Titled Tuesday intern op 13th July"]
[Site "Chess.com INT"]
[Date "2021.07.13"]
[Round "3"]
[White "Warchol, Kamil"]
[Black "Huynh, Ngoc Thuy Linh"]
[Result "1-0"]
[WhiteElo "2183"]
[BlackElo "1776"]
[PlyCount "73"]
[EventDate "2021.07.13"]
[EventType "swiss (blitz)"]
[EventRounds "11"]
[EventCountry "USA"]
[SourceTitle "CBM 203 Extra"]
[Source "ChessBase"]
[SourceDate "2021.09.30"]
[SourceVersion "1"]
[SourceVersionDate "2021.09.30"]
[SourceQuality "1"]

1. e4 c5 2. Nf3 d6 3. d4 cxd4 4. Nxd4 Nf6 5. Nc3 a6 6. Bc4 e5 7. Nf3 h6 8. 0-0 Be7 9. Re1 0-0 10. Nd5 Nxd5 11. Bxd5 Nc6 12. c3 Be6 13. Be3 Rc8 14. Qd3 Bxd5 15. Qxd5 Kh8 16. Nd2 b5 17. Rad1 Qc7 18. Nb3 f5 19. f3 Rf6 20. Rf1 Bf8 21. Qd3 Ne7 22. Qe2 Qc4 23. Qc2 Nc6 24. exf5 a5 25. Nd2 Qxa2 26. Ne4 Rf7 27. Nxd6 Bxd6 28. Rxd6 b4 29. Qe4 Ne7 30. Rfd1 Nxf5 31. Rd8+ Rxd8 32. Rxd8+ Kh7 33. g4 Qa1+ 34. Kg2 Qa2 35. gxf5 Qxb2+ 36. Kh3 Rf6 37. Qa8 1-0

[Event "VIE-chB (Women)"]
[Site "Ba Dinh"]
[Date "2018.11.30"]
[Round "4"]
[White "Huynh, Ngoc Thuy Linh"]
[Black "Chau, Thi Ngoc Giao"]
[Result "1/2-1/2"]
[WhiteElo "1776"]
[BlackElo "2137"]
[PlyCount "108"]
[EventDate "2018.11.28"]
[EventType "swiss"]
[EventRounds "9"]
[EventCountry "VIE"]
[SourceTitle "EXT 2021"]
[Source "ChessBase"]
[SourceDate "2020.10.23"]
[SourceVersion "1"]
[SourceVersionDate "2020.10.23"]
[SourceQuality "1"]

1. d4 d5 2. c4 e6 3. Nc3 c6 4. Nf3 dxc4 5. a4 Bb4 6. Bd2 Ba5 7. e3 b5 8. axb5 Bxc3 9. Bxc3 cxb5 10. d5 Nf6 11. dxe6 Qxd1+ 12. Kxd1 Nc6 13. exf7+ Kxf7 14. Nd4 Nxd4 15. Bxd4 Be6 16. Be2 Rhc8 17. f3 b4 18. Kd2 Ne8 19. Bd1 Nd6 20. Ba4 Nf5 21. Be5 Rc5 22. f4 Rd8+ 23. Ke2 Nh4 24. Bd4 Rcd5 25. Bc6 R5d6 26. Be4 Bd5 27. Bc2 Bxg2 28. Rhg1 g6 29. Ra5 Bc6 30. f5 Nf3 31. fxg6+ hxg6 32. Rf1 Rf6 33. Rxa7+ Kg8 34. Rxf3 Bxf3+ 35. Ke1 Re6 36. Rg7+ Kf8 37. Rxg6 Rxg6 38. Bxg6 Rd5 39. Kf2 Bh5 40. Be4 Ra5 41. Bc6 Ke7 42. e4 Bf7 43. Ke3 Kd6 44. Bb7 Kd7 45. Bd5 Bxd5 46. exd5 Rxd5 47. h4 Kd6 48. Bg7 Ke6 49. Bf8 b3 50. Bg7 Rh5 51. Kd4 Rxh4+ 52. Kc5 Re4 53. Bd4 Re2 54. Kxc4 Rxb2 1/2-1/2

[Event "VIE-ch (Women)"]
[Site "Ho Chi Minh City"]
[Date "2018.04.29"]
[Round "5"]
[White "Nguyen, Truong Bao Tran"]
[Black "Huynh, Ngoc Thuy Linh"]
[Result "1/2-1/2"]
[WhiteElo "1873"]
[BlackElo "1878"]
[PlyCount "47"]
[EventDate "2018.04.27"]
[EventType "swiss"]
[EventRounds "9"]
[EventCountry "VIE"]
[SourceTitle "CBM 184 Extra"]
[Source "ChessBase"]
[SourceDate "2018.06.28"]
[SourceVersion "1"]
[SourceVersionDate "2018.06.28"]
[SourceQuality "1"]

1. d4 d5 2. c4 c6 3. cxd5 cxd5 4. Nf3 Nc6 5. Nc3 Nf6 6. Bf4 Qb6 7. a3 e6 8. e3 a6 9. Bd3 Be7 10. 0-0 0-0 11. h3 Bd7 12. b4 Na7 13. Ne5 Rfc8 14. Rc1 Qd8 15. Bg5 h6 16. Bh4 Ne8 17. Qf3 Nd6 18. Bg3 Nab5 19. Nb1 Rxc1 20. Rxc1 Rc8 21. Rc5 Be8 22. Qd1 b6 23. Rc2 Rxc2 24. Qxc2 1/2-1/2

[Event "VIE-ch (Women)"]
[Site "Hanoi"]
[Date "2017.04.18"]
[Round "3"]
[White "Huynh, Ngoc Thuy Linh"]
[Black "Le, Thi Ha"]
[Result "0-1"]
[WhiteElo "1914"]
[BlackElo "1972"]
[PlyCount "40"]
[EventDate "2017.04.16"]
[EventType "swiss"]
[EventRounds "11"]
[EventCountry "VIE"]
[SourceTitle "CBM 178 Extra"]
[Source "ChessBase"]
[SourceDate "2017.06.22"]
[SourceVersion "1"]
[SourceVersionDate "2017.06.22"]
[SourceQuality "1"]

1. d4 Nf6 2. c4 e6 3. Nc3 Bb4 4. Qc2 b6 5. e4 Bxc3+ 6. bxc3 d6 7. Bd3 e5 8. Ba3 c5 9. d5 0-0 10. Ne2 Nh5 11. 0-0 g5 12. Bc1 Nf4 13. Nxf4 gxf4 14. a4 a5 15. Qe2 Qf6 16. Qf3 Kh8 17. h3 Rg8 18. Kh2 Qh6 19. Qd1 Rxg2+ 20. Kxg2 Qxh3+ 0-1

[Event "VIE-ch (Women)"]
[Site "Vietnam"]
[Date "2016.05.03"]
[Round "9"]
[White "Nguyen, Thi Ngoc Han"]
[Black "Huynh, Ngoc Thuy Linh"]
[Result "0-1"]
[WhiteElo "1205"]
[BlackElo "1905"]
[PlyCount "78"]
[EventDate "2016.04.27"]
[EventType "swiss"]
[EventRounds "9"]
[EventCountry "VIE"]
[SourceTitle "CBM 172 Extra"]
[Source "ChessBase"]
[SourceDate "2016.06.21"]
[SourceVersion "1"]
[SourceVersionDate "2016.06.21"]
[SourceQuality "1"]

1. e4 c5 2. Nf3 d6 3. d4 cxd4 4. Nxd4 Nf6 5. Nc3 g6 6. Be3 Bg7 7. Qd2 0-0 8. Bc4 Nc6 9. a3 Ng4 10. Nxc6 bxc6 11. Bd4 e5 12. Be3 Nxe3 13. Qxe3 Qc7 14. 0-0 Rb8 15. Bb3 Be6 16. Bxe6 fxe6 17. Rab1 d5 18. Qh3 Qe7 19. Rfe1 d4 20. Na2 c5 21. c3 Rb6 22. b4 Rfb8 23. Qd3 Qb7 24. h3 a5 25. Qc4 Qc6 26. cxd4 exd4 27. Rbc1 axb4 28. axb4 Ra6 29. Re2 Qb5 30. Qxb5 Rxb5 31. f4 cxb4 32. Rc8+ Bf8 33. Rb2 d3 34. Rd8 Ra4 35. Rxd3 Rba5 36. Nc1 Ra1 37. Rc2 Rc5 38. Rxc5 Bxc5+ 39. Kh2 Rxc1 0-1

[Event "VIE-ch (Women)"]
[Site "Vietnam"]
[Date "2016.04.30"]
[Round "5"]
[White "Doan, Thi Van Anh"]
[Black "Huynh, Ngoc Thuy Linh"]
[Result "1-0"]
[WhiteElo "1974"]
[BlackElo "1905"]
[PlyCount "63"]
[EventDate "2016.04.27"]
[EventType "swiss"]
[EventRounds "9"]
[EventCountry "VIE"]
[SourceTitle "CBM 172 Extra"]
[Source "ChessBase"]
[SourceDate "2016.06.21"]
[SourceVersion "1"]
[SourceVersionDate "2016.06.21"]
[SourceQuality "1"]

1. d4 d5 2. c4 e6 3. Nf3 Nf6 4. Nc3 Be7 5. Bg5 0-0 6. e3 b6 7. cxd5 Nxd5 8. Nxd5 exd5 9. Bxe7 Qxe7 10. Bd3 Be6 11. 0-0 Rc8 12. Rc1 c5 13. e4 Nd7 14. Re1 Qf6 15. dxc5 Nxc5 16. exd5 Bg4 17. b4 Bxf3 18. gxf3 Nxd3 19. Rxc8+ Rxc8 20. Qxd3 g6 21. d6 Rd8 22. d7 Kf8 23. Qb5 Kg7 24. Re8 a6 25. Qd5 h5 26. Kg2 b5 27. a3 h4 28. f4 h3+ 29. Kxh3 Qc3+ 30. Kg2 Qc7 31. Qd4+ f6 32. Re7+ 1-0

[Event "VIE-ch (Women)"]
[Site "Vietnam"]
[Date "2016.04.28"]
[Round "2"]
[White "Huynh, Ngoc Thuy Linh"]
[Black "Pham, Thi Thu Hien"]
[Result "1/2-1/2"]
[WhiteElo "1905"]
[BlackElo "2168"]
[PlyCount "70"]
[EventDate "2016.04.27"]
[EventType "swiss"]
[EventRounds "9"]
[EventCountry "VIE"]
[SourceTitle "CBM 172 Extra"]
[Source "ChessBase"]
[SourceDate "2016.06.21"]
[SourceVersion "1"]
[SourceVersionDate "2016.06.21"]
[SourceQuality "1"]

1. d4 Nf6 2. c4 e6 3. Nc3 Bb4 4. Bd2 b6 5. Nf3 Bb7 6. e3 0-0 7. Bd3 c5 8. 0-0 Bxc3 9. Bxc3 Ne4 10. Bxe4 Bxe4 11. dxc5 bxc5 12. Qd6 Bxf3 13. Qg3 f6 14. Qxf3 Nc6 15. Rfd1 Qc7 16. Rd2 Rad8 17. Rad1 d6 18. Qg3 Ne5 19. b3 Kh8 20. f4 Nf7 21. Qh3 Rfe8 22. e4 Qc6 23. Qe3 Kg8 24. Ba5 Rd7 25. Kf2 Kf8 26. g3 Qa6 27. Bc3 Qc6 28. h4 Rde7 29. Qf3 Qc7 30. Re2 Kg8 31. Qg4 Nh6 32. Qh5 Nf7 33. Qg4 Nh6 34. Qh5 Nf7 35. Qg4 Nh6 1/2-1/2

[Event "VIE-ch U17 Girls"]
[Site "Ho Chi Minh City"]
[Date "2014.07.17"]
[Round "7"]
[White "Huynh, Ngoc Thuy Linh"]
[Black "Tran, Nguyen Que Huong"]
[Result "1-0"]
[WhiteElo "1953"]
[BlackElo "1702"]
[PlyCount "56"]
[EventDate "2014.07.13"]
[EventType "swiss"]
[EventRounds "9"]
[EventCountry "VIE"]
[SourceTitle "EXT 2016"]
[Source "ChessBase"]
[SourceDate "2015.10.08"]
[SourceVersion "1"]
[SourceVersionDate "2015.10.08"]
[SourceQuality "1"]

1. d4 Nf6 2. Nf3 e6 3. Bg5 b6 4. e3 Bb7 5. Bd3 h6 6. Bh4 Be7 7. 0-0 d5 8. c4 0-0 9. Nc3 dxc4 10. Bxc4 Ne4 11. Bxe7 Qxe7 12. Rc1 Rd8 13. Qe2 Nd7 14. Rfd1 Ndf6 15. Bd3 Rac8 16. Nb5 Bd5 17. Nxa7 Ra8 18. Nc6 Bxc6 19. Rxc6 Rxa2 20. Qc2 Nd6 21. Rxc7 Rd7 22. Rxd7 Qxd7 23. Rc1 g6 24. Ne5 Qa7 25. h3 Kg7 26. Bxg6 Nd5 27. Bxf7 Nxf7 28. Qg6+ Kf8 1-0